000 00740nam a2200217Ii 4500
003 JO-AjNU
008 230605s9999||||xx |||||||||||||| ||und||
017 _a2006/7/1824
040 _aJO-AjNU
_bara
_erda
_cJO-AjNU
041 _aara
050 1 4 _aPN85.F7312 2006
100 3 _aتأليف فراي،نورثرب ؛ ترجمة محمد عصفور,
_eauthor
_923859
245 0 0 _aفي العبور الحضاري لكتاب تشريح النقد: مقدمة جدلية
250 _aط1
264 3 1 _aعمان: دار عمار، 2006
300 _a406ص
336 _atext
_btxt
_2rdacontent
337 _aunmediated
_bn
_2rdamedia
338 _avolume
_bnc
_2rdacarrier
650 4 _aالأدب العربي - تحليل ونقد
_923860
999 _aA8699
_c12267
_d12267